| 000 | 01081nam a2200301 i 4500 | ||
|---|---|---|---|
| 005 | 20220317000453.0 | ||
| 007 | ta | ||
| 008 | 200419s2003 ck ao gr 000 0 spa d | ||
| 020 | _a9583010839 | ||
| 040 |
_aCO-BoRNBP _bspa _erda _cCO-BoRNBP |
||
| 041 | 0 | _aspa | |
| 082 | 0 | 4 |
_a745.1028 _bQ83u1 _223 |
| 100 | 1 |
_aQuintero Ovalle, Zandra _eautora |
|
| 245 | 1 | 0 |
_aUtensilios en madera para su mesa _bideas para modernizar sus prendas _credacción Zandra Quintero Ovalle ; fotografía Jorge González H |
| 250 | _aPrimera edición | ||
| 264 | 1 |
_aBogotá _bPanamericana _c2003 |
|
| 300 |
_a18 páginas _bilustraciones y fotografías a color _c28 cm |
||
| 336 |
_atexto _btxt _2rdacontent |
||
| 337 |
_asin mediación _bn _2rdamedia |
||
| 338 |
_avolumen _bnc _2rdacarrier |
||
| 490 | 0 | _aManos Maestras | |
| 501 | _aIdeas para modernizar sus prendas | ||
| 650 | 1 | 7 |
_aManuales de hágalo usted mismo _2ARMARC |
| 650 | 1 | 7 |
_aPintura sobre madera _vManuales _2ARMARC |
| 650 | 1 | 7 |
_aPintura sobre tela _vManuales _2ARMARC |
| 700 | 1 |
_aGonzález, Jorge H. _efotógrafo _9174738 |
|
| 942 |
_2ddc _cBKLIT |
||
| 999 |
_c4137 _d4137 |
||